000 00831nam a2200229Ia 4500
003 OSt
005 20250714142249.0
008 210210b2006 xxu||||| |||| 00| 0 eng d
040 _cAL
041 _aKannada
082 _aK894.8 KANS
100 _aKANNADA VISHVAVIDYALAYA
_9151286
_dಕನ್ನಡ ವಿಶ್ವವಿದ್ಯಾಲಯ
245 _aSamagra Kannada Jainasahitya samputa 11: Bandhuvarma samputa
_bಸಮಗ್ರ ಕನ್ನಡ ಜೈನಸಾಹಿತ್ಯ ಸಂಪುಟ ೧೧: ಬಂಧುವರ್ಮ ಸಂಪುಟ
260 _aHampi
_bPrasaranga Karnataka Vishvavidyalaya
_c2006
300 _axxxvi,499
440 _a11
_9151287
650 _aJivasambodhanam
_9151288
650 _aharivamshabhyudayam
_9151289
690 _aKannada Collections
_9151290
906 _a062641
942 _2ddc
_cBK
999 _c117875
_d117875